000
00260nam a22001337a 4500
020
_a
81-256-0000-0
041
_a
ENG
100
_a
S.C Jain
245
_a
Steam Tables
260
_a
Delhi
_b
Birla Pul
_c
1992
300
_a
47
650
_a
GAE
856
_u
GAE
999
_c
2201
_d
2201